000 01514nam a2200325 i 4500
003 EG-GICUC
005 20260121101337.0
008 251123s2006 ua ||||fr|||| 001 0 ara d
017 _a2006/11160
020 _a9771734717
040 _a EG-GICUC
_bara
_c EG-GICUC
_d EG-GICUC
_erda
041 _aara
082 0 4 _a343.4
_bم ح . م
_221
092 0 4 _221
099 _aLaw1 10 343.4 م ح . م 2006 1006142
100 0 _aمحمد علي سكيكر.
_eمؤلف.
245 1 2 _aالمدونة الجنائية الشاملة الميسرة في الجرائم التموينية والسعير الجبري وحماية المستهلك وأوامر الحاكم العسكري :
_bتشريعات-تعليقات-قيود وأوصاف-التعليمات ىالعامة للنيابات- الأحكام الصادرة من محكمتي النقض والدستورية العليا.
_nالجزء الرابع /
_cالمستشار محمد علي سكيكر.
264 1 _aالقاهرة :
_bمحمد علي سكيكر،
_c2006.
300 _a452 صفحة ؛
_c24 سم.
336 _2rda content
_atext
337 _2rda media
_aComputer
338 _2rda carrier
_aOnline Resource
504 _aيشتمل على ارجاعات ببليوجرافية.
546 _aالنص باللغة العربية
650 1 _aالتشريعات الجنائية الخاصة.
_2qrmak
651 1 _2qrmak
856 4 0 _uhttps://fll.law.cu.edu.eg/fulltext/bks/B10-06142.pdf
905 _a18
942 _2ddc
_n0
_cBK
_e21
999 _c45616
_d45616